000
00265 a2200097 4500
000
nam a22 7a 4500
100
_a
Kumbhojkar,G.V
_9
37
245
_a
Engineering Mathematics III: Electronics and computer science
260
_b
P.Jamnadas
_c
2021
264
_b
P.Jamnadas
999
_c
35891
_d
35891